000 00688nam a2200289Ia 4500
005 20260324133701.0
008 008 260324s9999 xx 000 0 eng d
020 _a9781315194172
037 _aEBOOK
040 _aCRL
040 _beng
040 _cCRL
041 _2eng
041 _aeng
084 _qCRL
100 _aJenny Fleming; Ian Holland
_91193997
245 0 _aGovernment Reformed
245 0 _bValues and New Political Institutions
260 _bTaylor and Francis
260 _c2003
365 _a
365 _b180
856 _uhttp://www.taylorfrancis.com/books/9781315194172
942 _cEBOOK
999 _c1793320
_d1793320